[Event "POL Team Ch"]
[Site "Porabka"]
[Date "1986.??.??"]
[Round "?"]
[White "Woda, Jacek"]
[Black "Lipski, Tadeusz"]
[Result "1-0"]
[WhiteElo "2400"]
[BlackElo "2275"]
[PlyCount "78"]
[EventDate "1986.??.??"]
[Source "www.chesslib.no"]
[SourceDate "2004.05.04"]

1. e4 e5 2. Nf3 f5 3. exf5 e4 4. Nd4 Nf6 5. d3 c5 6. Nb5 a6 7. N5c3 d5 8. dxe4 dxe4 9. Qxd8+ Kxd8 10. Bg5 Bxf5 11. Nd2 e3 12. fxe3 h6 13. Bxf6+ gxf6 14. O-O-O Nd7 15. e4 Bg4 16. Be2 h5 17. Bf3 Ke7 18. Nc4 b5 19. Bxg4 hxg4 20. Rxd7+ Kxd7 21. Nb6+ Ke6 22. Nxa8 Bh6+ 23. Kd1 Rxa8 24. Ke2 Bf4 25. h3 Rh8 26. Nd5 Be5 27. b3 Rh4 28. Kd3 c4+ 29. bxc4 bxc4+ 30. Ke3 f5 31. Nb6 f4+ 32. Ke2 c3 33. Nd5 f3+ 34. gxf3 gxh3 35. Ke3 h2 36. f4 Rh3+ 37. Kf2 Bb8 38. Kg2 Rh7 39. Rxh2 Rb7 1-0